[Event "34. Open Internacional de Andorra 2016"]
[Site "Andorra AND"]
[Date "2016.08.04"]
[Round "2.20"]
[White "Berkovich, Mark A"]
[Black "Eizaguerri Floris, Maria"]
[Result "1/2-1/2"]
[WhiteElo "2346"]
[BlackElo "2111"]
[PlyCount "108"]
[EventDate "2016.08.03"]
[EventType "swiss"]
[EventRounds "9"]
[EventCountry "AND"]
[SourceTitle "Ajedrez en Madrid"]
[Source "lmi"]
[SourceDate "2016.08.03"]
[SourceVersion "1"]
[SourceVersionDate "2018.03.01"]
[SourceQuality "1"]

1. g3 d5 2. Nf3 Nf6 3. Bg2 c6 4. c4 dxc4 5. O-O Qd5 6. Na3 e5 7. Ng5 Qd4 8. Qa4
Bg4 9. Nc2 Qc5 10. b4 Qb6 11. h3 Bd7 12. Ne3 Qd4 13. Rb1 b5 14. Qc2 Bd6 15. Bb2
Qb6 16. d3 cxd3 17. Qxd3 Bc7 18. a4 h6 19. Ne4 Nxe4 20. Qxe4 O-O 21. Bxe5 Bxe5
22. Qxe5 Re8 23. Qc3 a5 24. Rfc1 axb4 25. Qxb4 Rxe3 26. fxe3 Qxe3+ 27. Kh2 Qxe2
28. Re1 Qc2 29. Qe7 c5 30. Rbc1 Qb2 31. Rxc5 Rxa4 32. Qd8+ Kh7 33. Qxb8 Qf2 34.
Qe5 Ra2 35. Qe4+ f5 36. Qd5 Rd2 37. Rf1 Rxd5 38. Rxd5 Qa7 39. Rf4 g5 40. Rfd4
Be6 41. Rd6 Qc5 42. Rd2 Qe5 43. R6d4 Kg7 44. Bd5 Bc8 45. Bg2 f4 46. gxf4 gxf4
47. Bf3 Be6 48. Re4 Qf5 49. Rg2+ Kf6 50. Rg4 Ke7 51. Rh4 Qg5 52. Rhxf4 Kd6 53.
Rh4 Qd2+ 54. Re2 Qc3 1/2-1/2

[Event "34. Open Internacional de Andorra 2016"]
[Site "Andorra AND"]
[Date "2016.08.04"]
[Round "2.21"]
[White "Anguera Maestro, Jaime"]
[Black "Barbero Sendic, Alejandro"]
[Result "0-1"]
[WhiteElo "2092"]
[BlackElo "2336"]
[PlyCount "122"]
[EventDate "2016.08.03"]
[EventType "swiss"]
[EventRounds "9"]
[EventCountry "AND"]
[SourceTitle "Ajedrez en Madrid"]
[Source "lmi"]
[SourceDate "2016.08.03"]
[SourceVersion "1"]
[SourceVersionDate "2018.03.01"]
[SourceQuality "1"]

1. d4 d5 2. Nf3 Nf6 3. e3 c5 4. c3 e6 5. Bd3 Nc6 6. Nbd2 Bd6 7. O-O O-O 8. dxc5
Bxc5 9. e4 e5 10. h3 h6 11. Qe2 Nh5 12. Nb3 Ng3 13. Qc2 dxe4 14. Bxe4 Nxe4 15.
Qxe4 Bd6 16. Rd1 Qe7 17. Be3 Be6 18. Rxd6 Qxd6 19. Bc5 f5 20. Bxd6 fxe4 21.
Bxf8 exf3 22. Bc5 fxg2 23. Kxg2 Rd8 24. Be3 b6 25. Re1 Ne7 26. Nd2 Nf5 27. Kf3
Nxe3 28. Kxe3 Bxh3 29. Nf3 Re8 30. Kd2 e4 31. Nd4 Rf8 32. Ke3 h5 33. Nc6 Rf3+
34. Ke2 Rf6 35. Ne5 Re6 36. Nc4 Bg2 37. Rg1 Bf3+ 38. Ke3 Bg4 39. Nd2 Bf5 40.
Kf4 Rf6 41. Rh1 Bg6+ 42. Ke3 Re6 43. Rh4 Kf7 44. Rf4+ Ke7 45. Nb3 Bh7 46. Nd4
Rh6 47. f3 exf3 48. Nxf3 Re6+ 49. Kf2 Rf6 50. Ra4 a5 51. Kg3 Bc2 52. Rd4 Bb1
53. a4 Rf5 54. b4 g5 55. bxa5 bxa5 56. c4 Bc2 57. Rd5 h4+ 58. Kf2 Rxd5 59. cxd5
Kf6 60. Nd2 Bxa4 61. Nc4 Bb3 0-1

[Event "34. Open Internacional de Andorra 2016"]
[Site "Andorra AND"]
[Date "2016.08.04"]
[Round "2.22"]
[White "Adel Lahchaichi, Oussama"]
[Black "Smith, Matthieu"]
[Result "1-0"]
[WhiteElo "2334"]
[BlackElo "2108"]
[PlyCount "83"]
[EventDate "2016.08.03"]
[EventType "swiss"]
[EventRounds "9"]
[EventCountry "AND"]
[SourceTitle "Ajedrez en Madrid"]
[Source "lmi"]
[SourceDate "2016.08.03"]
[SourceVersion "1"]
[SourceVersionDate "2018.03.01"]
[SourceQuality "1"]

1. c4 e5 2. g3 Nc6 3. Bg2 f5 4. Nc3 Nf6 5. e3 d5 6. cxd5 Nb4 7. d3 Nfxd5 8.
Nxd5 Nxd5 9. Nf3 Bb4+ 10. Bd2 Qd6 11. O-O Bxd2 12. Qxd2 O-O 13. e4 Nf6 14. Qc3
fxe4 15. dxe4 Re8 16. Ng5 c6 17. Rfd1 Qe7 18. Rd2 h6 19. Qb3+ Kh8 20. Nf3 Be6
21. Qe3 Bg4 22. Nh4 Kg8 23. h3 Be6 24. Qc3 Qc7 25. Rad1 Rad8 26. Rxd8 Rxd8 27.
Rxd8+ Qxd8 28. Qxe5 Bxa2 29. Nf5 Kh7 30. Bf3 Qd7 31. Qf4 Qe6 32. Kg2 Bb1 33.
Nd4 Qe7 34. e5 Nd5 35. Be4+ Bxe4+ 36. Qxe4+ Kg8 37. e6 Nc7 38. Qe5 c5 39. Nf5
Qf6 40. Qxc7 Qxf5 41. e7 Qe4+ 42. Kh2 1-0

[Event "34. Open Internacional de Andorra 2016"]
[Site "Andorra AND"]
[Date "2016.08.04"]
[Round "2.23"]
[White "Picart, Laurent"]
[Black "Eden, James"]
[Result "1/2-1/2"]
[WhiteElo "2084"]
[BlackElo "2320"]
[PlyCount "95"]
[EventDate "2016.08.03"]
[EventType "swiss"]
[EventRounds "9"]
[EventCountry "AND"]
[SourceTitle "Ajedrez en Madrid"]
[Source "lmi"]
[SourceDate "2016.08.03"]
[SourceVersion "1"]
[SourceVersionDate "2018.03.01"]
[SourceQuality "1"]

1. d4 d5 2. Nf3 Nf6 3. c4 c6 4. e3 Bf5 5. Nc3 a6 6. Qb3 Ra7 7. Bd2 e6 8. Nh4
Be4 9. cxd5 Bxd5 10. Nxd5 exd5 11. Bb4 Ne4 12. Nf3 Bxb4+ 13. Qxb4 Qd6 14. Qxd6
Nxd6 15. Bd3 f5 16. Ne5 Nd7 17. Ke2 g6 18. h4 Nxe5 19. dxe5 Nf7 20. h5 O-O 21.
f4 Kg7 22. Rh3 Nh6 23. Rah1 Rh8 24. Rg3 Raa8 25. Rg5 Kf7 26. Kd2 Rad8 27. Be2
d4 28. g4 c5 29. a4 dxe3+ 30. Kxe3 Rd4 31. hxg6+ hxg6 32. gxf5 gxf5 33. Rgh5
Re4+ 34. Kf3 Kg7 35. Rg5+ Kf7 36. b3 Rb4 37. Bc4+ Kf8 38. Rxf5+ Nxf5 39. Rxh8+
Kg7 40. Rg8+ Kh7 41. Rg1 Nd4+ 42. Ke3 b5 43. axb5 axb5 44. Bd5 Nf5+ 45. Kf3
Nh4+ 46. Ke3 Nf5+ 47. Kf3 Nh4+ 48. Ke3 1/2-1/2

[Event "34. Open Internacional de Andorra 2016"]
[Site "Andorra AND"]
[Date "2016.08.04"]
[Round "2.24"]
[White "Aubry, Yannis"]
[Black "Ben-Abed, Mehdi"]
[Result "0-1"]
[WhiteElo "2269"]
[BlackElo "2088"]
[PlyCount "94"]
[EventDate "2016.08.03"]
[EventType "swiss"]
[EventRounds "9"]
[EventCountry "AND"]
[SourceTitle "Ajedrez en Madrid"]
[Source "lmi"]
[SourceDate "2016.08.03"]
[SourceVersion "1"]
[SourceVersionDate "2018.03.01"]
[SourceQuality "1"]

1. d4 Nf6 2. c4 g6 3. f3 Bg7 4. e4 d6 5. Nc3 O-O 6. Nge2 Nbd7 7. Bg5 h6 8. Be3
c5 9. d5 Ne5 10. Ng3 h5 11. Be2 h4 12. Nf1 e6 13. Nd2 exd5 14. cxd5 Bd7 15. a4
a6 16. O-O b5 17. axb5 axb5 18. Nxb5 Qb6 19. Na3 Qxb2 20. Qc1 Qb4 21. h3 Nh5
22. Nc2 Qc3 23. Ra3 Rxa3 24. Qxa3 Qxc2 25. f4 Ng3 26. Ba6 Nxf1 27. Bxf1 Qa4 28.
Qxa4 Bxa4 29. fxe5 Bxe5 30. Bd3 f6 31. Kf2 Bg3+ 32. Ke2 Rb8 33. Bf2 Bxf2 34.
Kxf2 Kf7 35. Nc4 Rd8 36. Ne3 Bd7 37. Nc4 Ke7 38. e5 fxe5 39. Bxg6 Rf8+ 40. Ke1
Bf5 41. Bh5 Be4 42. Ne3 Rb8 43. Be2 Kf6 44. Kf2 Kg5 45. Nc4 Bxd5 46. Nxd6 Rf8+
47. Ke3 Bxg2 0-1

[Event "34. Open Internacional de Andorra 2016"]
[Site "Andorra AND"]
[Date "2016.08.04"]
[Round "2.25"]
[White "Schmit, Vincent"]
[Black "Rudolf, Anna"]
[Result "1/2-1/2"]
[WhiteElo "2074"]
[BlackElo "2247"]
[PlyCount "115"]
[EventDate "2016.08.03"]
[EventType "swiss"]
[EventRounds "9"]
[EventCountry "AND"]
[SourceTitle "Ajedrez en Madrid"]
[Source "lmi"]
[SourceDate "2016.08.03"]
[SourceVersion "1"]
[SourceVersionDate "2018.03.01"]
[SourceQuality "1"]

1. e4 e5 2. Nf3 Nc6 3. Bc4 Bc5 4. b4 Bxb4 5. c3 Ba5 6. d4 d6 7. Qb3 Qd7 8. O-O
Bb6 9. dxe5 Na5 10. Qb4 Nxc4 11. Qxc4 Qe6 12. Qxe6+ Bxe6 13. exd6 cxd6 14. Bf4
Nf6 15. Nbd2 Rd8 16. Nd4 O-O 17. Be3 Bc8 18. f3 d5 19. Bg5 dxe4 20. Nxe4 Rxd4
21. cxd4 Bxd4+ 22. Nf2 Bxa1 23. Rxa1 Be6 24. Rb1 b6 25. Rc1 a5 26. a3 Nd5 27.
Nd3 h6 28. Bd2 Rc8 29. Rxc8+ Bxc8 30. Nf4 Ne7 31. Kf2 g5 32. Ne2 Be6 33. Nc3
Bc4 34. a4 Nf5 35. g4 Nd6 36. Ne4 Nc8 37. f4 Bb3 38. Nc3 f6 39. Ke3 Nd6 40. Kd4
Nb7 41. fxg5 hxg5 42. Nd5 Bxd5 43. Kxd5 Nc5 44. Kc6 Nxa4 45. Kb5 Nc5 46. Kxb6
Nb3 47. Bxa5 Nxa5 48. Kxa5 Kf7 49. Kb5 Ke6 50. Kc6 Ke5 51. Kd7 f5 52. gxf5 Kxf5
53. Ke7 g4 54. Kf7 Kg5 55. Kg7 Kh4 56. Kh6 Kh3 57. Kg5 Kxh2 58. Kxg4 1/2-1/2

[Event "34. Open Internacional de Andorra 2016"]
[Site "Andorra AND"]
[Date "2016.08.05"]
[Round "3.1"]
[White "Jerez Perez, Alfonso"]
[Black "Granda Zuniga, Julio E"]
[Result "0-1"]
[WhiteElo "2386"]
[BlackElo "2672"]
[PlyCount "92"]
[EventDate "2016.08.03"]
[EventType "swiss"]
[EventRounds "9"]
[EventCountry "AND"]
[SourceTitle "Ajedrez en Madrid"]
[Source "lmi"]
[SourceDate "2016.08.03"]
[SourceVersion "1"]
[SourceVersionDate "2018.03.01"]
[SourceQuality "1"]

1. e4 e6 2. d4 d5 3. Nd2 c5 4. Ngf3 Nc6 5. exd5 exd5 6. Bb5 Qe7+ 7. Qe2 Qxe2+
8. Kxe2 cxd4 9. Nxd4 Bd7 10. N2f3 Bd6 11. Be3 Nge7 12. Rad1 a6 13. Ba4 Na5 14.
Bxd7+ Kxd7 15. Ne1 Nc4 16. b3 Nxe3 17. fxe3 f5 18. Nd3 Rac8 19. h3 h5 20. Rhf1
g6 21. Nf4 b5 22. h4 Rhe8 23. Rd3 Bxf4 24. Rxf4 Ng8 25. Kd1 Nf6 26. Ne2 Re5 27.
Rfd4 Rce8 28. Kd2 Ne4+ 29. Ke1 Kc6 30. c4 Nc5 31. cxd5+ Kd6 32. Rc3 Rxe3 33.
Rxe3 Rxe3 34. Kf2 Re8 35. Nf4 Ne4+ 36. Kf3 g5 37. hxg5 Nxg5+ 38. Kf2 Ne4+ 39.
Kf3 Rg8 40. Ne2 Rg4 41. Rd1 h4 42. Nd4 Ke5 43. Nc6+ Kf6 44. d6 Rg3+ 45. Kf4 Nc5
46. Nd4 Nd3+ 0-1

[Event "34. Open Internacional de Andorra 2016"]
[Site "Andorra AND"]
[Date "2016.08.05"]
[Round "3.2"]
[White "Sowray, Peter J"]
[Black "Vovk, Andriy"]
[Result "0-1"]
[WhiteElo "2348"]
[BlackElo "2637"]
[PlyCount "78"]
[EventDate "2016.08.03"]
[EventType "swiss"]
[EventRounds "9"]
[EventCountry "AND"]
[SourceTitle "Ajedrez en Madrid"]
[Source "lmi"]
[SourceDate "2016.08.03"]
[SourceVersion "1"]
[SourceVersionDate "2018.03.01"]
[SourceQuality "1"]

1. d4 Nf6 2. c4 g6 3. Nc3 Bg7 4. e4 d6 5. f3 O-O 6. Be3 c5 7. Nge2 Nc6 8. d5
Na5 9. Ng3 e6 10. Be2 a6 11. O-O exd5 12. cxd5 b5 13. Qd2 Nd7 14. Rac1 c4 15.
f4 Nb7 16. Rf2 Nbc5 17. Rcf1 b4 18. Nd1 h5 19. Bf3 Nd3 20. Re2 h4 21. Nh1 a5
22. Nhf2 Ba6 23. Nxd3 cxd3 24. Ree1 Rc8 25. Nf2 Rc2 26. Qd1 Rxb2 27. Nxd3 Rxa2
28. Be2 Nf6 29. Nf2 Rxe2 30. Rxe2 Re8 31. Bd4 Bxe2 32. Qxe2 Nxe4 33. Bxg7 Nc3
34. Qf3 Kxg7 35. f5 Ne2+ 36. Kh1 Nd4 37. Qg4 Nxf5 38. Nh3 Qd7 39. Nf4 Ng3+ 0-1

[Event "34. Open Internacional de Andorra 2016"]
[Site "Andorra AND"]
[Date "2016.08.05"]
[Round "3.3"]
[White "Banusz, Tamas"]
[Black "Antoli Royo, Joaquin Miguel"]
[Result "1-0"]
[WhiteElo "2616"]
[BlackElo "2432"]
[PlyCount "79"]
[EventDate "2016.08.03"]
[EventType "swiss"]
[EventRounds "9"]
[EventCountry "AND"]
[SourceTitle "Ajedrez en Madrid"]
[Source "lmi"]
[SourceDate "2016.08.03"]
[SourceVersion "1"]
[SourceVersionDate "2018.03.01"]
[SourceQuality "1"]

1. Nf3 c5 2. c4 Nc6 3. d4 cxd4 4. Nxd4 Qb6 5. Nb3 e6 6. a3 Nf6 7. Nc3 Ne5 8. e3
d6 9. Be2 a6 10. e4 Qc7 11. Nd4 Be7 12. Be3 O-O 13. Rc1 b6 14. O-O Bb7 15. f3
Rac8 16. b4 Qb8 17. Qb3 Bd8 18. Kh1 Bc7 19. Rfd1 Ng6 20. Bg1 h5 21. Bf1 h4 22.
Qa2 Nh5 23. Rc2 Rcd8 24. b5 a5 25. Nc6 Bxc6 26. bxc6 d5 27. exd5 Ng3+ 28. hxg3
hxg3 29. Ne4 Rxd5 30. Rxd5 exd5 31. Ng5 d4 32. Nh3 Re8 33. Re2 Rd8 34. Rd2 Be5
35. Qb2 Ne7 36. Qb5 Qd6 37. f4 Bf6 38. Qxb6 Nxc6 39. c5 Qd5 40. Bb5 1-0

[Event "34. Open Internacional de Andorra 2016"]
[Site "Andorra AND"]
[Date "2016.08.05"]
[Round "3.4"]
[White "Cori, Jorge"]
[Black "Aranda Marin, Cristian"]
[Result "1-0"]
[WhiteElo "2601"]
[BlackElo "2350"]
[PlyCount "59"]
[EventDate "2016.08.03"]
[EventType "swiss"]
[EventRounds "9"]
[EventCountry "AND"]
[SourceTitle "Ajedrez en Madrid"]
[Source "lmi"]
[SourceDate "2016.08.03"]
[SourceVersion "1"]
[SourceVersionDate "2018.03.01"]
[SourceQuality "1"]

1. Nf3 b6 2. e4 Bb7 3. Bc4 e6 4. Qe2 Nf6 5. e5 Nd5 6. d4 c5 7. O-O Be7 8. Rd1
O-O 9. Bb3 cxd4 10. Nxd4 Nc6 11. Nxc6 Bxc6 12. c4 Nc7 13. Bc2 f5 14. exf6 Bxf6
15. Nd2 Na6 16. Ne4 Nc5 17. Nxc5 bxc5 18. Qh5 g6 19. Qxc5 Qb8 20. Rb1 Qb7 21.
f3 Bd8 22. Be3 Bxf3 23. gxf3 Qxf3 24. Qe5 Bc7 25. Qe4 Qh3 26. Rd2 d5 27. cxd5
Rf3 28. Bc5 Raf8 29. Qxe6+ Qxe6 30. dxe6 1-0

[Event "34. Open Internacional de Andorra 2016"]
[Site "Andorra AND"]
[Date "2016.08.05"]
[Round "3.5"]
[White "Barbero Sendic, Alejandro"]
[Black "Lagarde, Maxime"]
[Result "0-1"]
[WhiteElo "2336"]
[BlackElo "2572"]
[PlyCount "75"]
[EventDate "2016.08.03"]
[EventType "swiss"]
[EventRounds "9"]
[EventCountry "AND"]
[SourceTitle "Ajedrez en Madrid"]
[Source "lmi"]
[SourceDate "2016.08.03"]
[SourceVersion "1"]
[SourceVersionDate "2018.03.01"]
[SourceQuality "1"]

1. e4 c5 2. Nf3 e6 3. b3 Nc6 4. Bb5 Nge7 5. Bb2 a6 6. Bxc6 Nxc6 7. O-O b5 8. d4
cxd4 9. Nxd4 Qf6 10. Bc3 Nxd4 11. Bxd4 Qg6 12. Nd2 Bb7 13. Qe2 Rc8 14. c3 d5
15. f3 Be7 16. b4 dxe4 17. Nxe4 O-O 18. a4 Bd5 19. Qe3 Bc4 20. Rfe1 f5 21. Nd2
Bd5 22. axb5 axb5 23. Ra5 Bg5 24. Qf2 Qh6 25. Nf1 Bh4 26. g3 Bd8 27. Ra7 Rc7
28. Rea1 Rxa7 29. Rxa7 e5 30. Bc5 Re8 31. Ne3 Be6 32. f4 exf4 33. gxf4 Bf6 34.
Bd4 Bxd4 35. cxd4 Qf6 36. d5 Qd4 37. Ra2 Bf7 38. Qe2 0-1

[Event "34. Open Internacional de Andorra 2016"]
[Site "Andorra AND"]
[Date "2016.08.05"]
[Round "3.6"]
[White "Demuth, Adrien"]
[Black "Adel Lahchaichi, Oussama"]
[Result "1/2-1/2"]
[WhiteElo "2545"]
[BlackElo "2334"]
[PlyCount "31"]
[EventDate "2016.08.03"]
[EventType "swiss"]
[EventRounds "9"]
[EventCountry "AND"]
[SourceTitle "Ajedrez en Madrid"]
[Source "lmi"]
[SourceDate "2016.08.03"]
[SourceVersion "1"]
[SourceVersionDate "2018.03.01"]
[SourceQuality "1"]

1. c4 c5 2. Nf3 Nc6 3. Nc3 g6 4. e3 Nf6 5. d4 cxd4 6. exd4 d5 7. c5 Bg7 8. Be2
O-O 9. O-O Ne4 10. Re1 Bg4 11. Be3 Nxc3 12. bxc3 b6 13. Qa4 Qc7 14. Bb5 Bd7 15.
Qa3 e6 16. Bxc6 1/2-1/2

[Event "34. Open Internacional de Andorra 2016"]
[Site "Andorra AND"]
[Date "2016.08.05"]
[Round "3.7"]
[White "Cimer, Emanuel"]
[Black "Glud, Jakob Vang"]
[Result "1/2-1/2"]
[WhiteElo "2230"]
[BlackElo "2532"]
[PlyCount "70"]
[EventDate "2016.08.03"]
[EventType "swiss"]
[EventRounds "9"]
[EventCountry "AND"]
[SourceTitle "Ajedrez en Madrid"]
[Source "lmi"]
[SourceDate "2016.08.03"]
[SourceVersion "1"]
[SourceVersionDate "2018.03.01"]
[SourceQuality "1"]

1. e4 e5 2. Nf3 Nc6 3. Bb5 a6 4. Ba4 Nf6 5. d3 d6 6. c3 Be7 7. O-O O-O 8. Nbd2
Re8 9. Re1 Bf8 10. Nf1 h6 11. h3 b5 12. Bb3 Na5 13. Bc2 c5 14. Ng3 Nc6 15. d4
cxd4 16. cxd4 exd4 17. Nxd4 Nxd4 18. Qxd4 Be6 19. Bd2 Rc8 20. Bb3 Nd7 21. Nf5
Qb6 22. Qd3 Nc5 23. Qg3 Bxf5 24. exf5 Nxb3 25. axb3 d5 26. Rxe8 Rxe8 27. Qf3
Bc5 28. f6 Qxf6 29. Qxf6 gxf6 30. Kf1 Re6 31. Bxh6 Bd4 32. Rd1 Bxb2 33. Rxd5
Re4 34. Be3 Re5 35. Rxe5 Bxe5 1/2-1/2

[Event "34. Open Internacional de Andorra 2016"]
[Site "Andorra AND"]
[Date "2016.08.05"]
[Round "3.8"]
[White "Nieves Cabanes, Javier"]
[Black "Aloma Vidal, Robert"]
[Result "0-1"]
[WhiteElo "2215"]
[BlackElo "2475"]
[PlyCount "49"]
[EventDate "2016.08.03"]
[EventType "swiss"]
[EventRounds "9"]
[EventCountry "AND"]
[SourceTitle "Ajedrez en Madrid"]
[Source "lmi"]
[SourceDate "2016.08.03"]
[SourceVersion "1"]
[SourceVersionDate "2018.03.01"]
[SourceQuality "1"]

1. d4 Nf6 2. c4 g6 3. Nf3 Bg7 4. e3 O-O 5. Be2 d6 6. Nc3 Nbd7 7. O-O e5 8. Qc2
c6 9. Rd1 Re8 10. dxe5 dxe5 11. Ng5 Qe7 12. Nge4 Nc5 13. Nxf6+ Qxf6 14. b4 e4
15. Bb2 Nd3 16. Bxd3 exd3 17. Qxd3 Qg5 18. Rac1 Bg4 19. f4 Qe7 20. Re1 Qxb4 21.
Ba1 Rad8 22. Qf1 Rd2 23. h3 Bf5 24. Qf3 Rd3 25. Nd1 0-1

[Event "34. Open Internacional de Andorra 2016"]
[Site "Andorra AND"]
[Date "2016.08.05"]
[Round "3.9"]
[White "Bekker-Jensen, Simon"]
[Black "Martinez Lopez, Ivan"]
[Result "1-0"]
[WhiteElo "2456"]
[BlackElo "2246"]
[PlyCount "81"]
[EventDate "2016.08.03"]
[EventType "swiss"]
[EventRounds "9"]
[EventCountry "AND"]
[SourceTitle "Ajedrez en Madrid"]
[Source "lmi"]
[SourceDate "2016.08.03"]
[SourceVersion "1"]
[SourceVersionDate "2018.03.01"]
[SourceQuality "1"]

1. d4 d5 2. c4 e6 3. Nc3 Nf6 4. cxd5 exd5 5. Bg5 Be7 6. e3 c6 7. Bd3 Nbd7 8. h3
O-O 9. Qc2 Re8 10. Nf3 Ne4 11. Bxe4 dxe4 12. Nxe4 Qa5+ 13. Qd2 Bb4 14. Nc3 h6
15. Bh4 g5 16. Bg3 Nf6 17. O-O Ne4 18. Qe2 Bxc3 19. bxc3 Qxc3 20. Ne5 Be6 21.
Rab1 Re7 22. Bh2 Kg7 23. Rfc1 Qd2 24. Qxd2 Nxd2 25. Rb2 Ne4 26. f3 Nf6 27. Rcb1
Bc8 28. e4 Ne8 29. Nc4 b6 30. Ne5 Bb7 31. Rc1 Rc8 32. Rbc2 Rec7 33. Nc4 Rd7 34.
Ne3 Kg6 35. d5 c5 36. a4 Ng7 37. g4 Ne8 38. a5 Ba6 39. axb6 axb6 40. Ra2 Bd3
41. Ra3 1-0

[Event "34. Open Internacional de Andorra 2016"]
[Site "Andorra AND"]
[Date "2016.08.05"]
[Round "3.10"]
[White "Ben-Abed, Mehdi"]
[Black "Collins, Sam E"]
[Result "1/2-1/2"]
[WhiteElo "2088"]
[BlackElo "2448"]
[PlyCount "146"]
[EventDate "2016.08.03"]
[EventType "swiss"]
[EventRounds "9"]
[EventCountry "AND"]
[SourceTitle "Ajedrez en Madrid"]
[Source "lmi"]
[SourceDate "2016.08.03"]
[SourceVersion "1"]
[SourceVersionDate "2018.03.01"]
[SourceQuality "1"]

1. e4 d6 2. d4 Nf6 3. Nc3 e5 4. Nf3 Nbd7 5. Bc4 Be7 6. O-O O-O 7. a4 c6 8. Re1
h6 9. b3 Re8 10. Bb2 Qc7 11. dxe5 Nxe5 12. Nxe5 dxe5 13. Qf3 Bc5 14. Nd1 Bg4
15. Qg3 Rad8 16. Ne3 h5 17. Qh4 Bd4 18. Nxg4 hxg4 19. c3 Bb6 20. Bc1 Rd6 21.
Bg5 a5 22. g3 Bc5 23. Ra2 Qb6 24. Kg2 Red8 25. Rae2 R8d7 26. h3 gxh3+ 27. Qxh3
Qc7 28. Rh1 Kf8 29. Bxf6 Rxf6 30. Qh8+ Ke7 31. Qxg7 Qd6 32. Rh8 Rd8 33. Rh7 Rf8
34. Qg5 Ke8 35. Rd2 Qe7 36. Qg4 Qc7 37. Rh5 Bd6 38. Rh7 Kd8 39. Qg5 Qe7 40. Qe3
Kc7 41. Rh5 Bc5 42. Qg5 Rd8 43. Re2 Re8 44. Qg7 Kb6 45. Rf5 Rxf5 46. exf5 f6
47. Qxe7 Bxe7 48. Rd2 Rd8 49. Rxd8 Bxd8 50. g4 Kc5 51. Kf3 Kd6 52. Ke4 Be7 53.
Be6 Bd8 54. Bc8 b6 55. Bb7 Be7 56. Bc8 Kc7 57. Be6 Kd6 58. Bg8 Bd8 59. Kf3 Be7
60. Kg3 Bf8 61. g5 Be7 62. g6 Bf8 63. Kf3 Kc5 64. Ke4 Bg7 65. Bc4 Bf8 66. Ba6
Bg7 67. f3 Bf8 68. Kd3 Bg7 69. Ke4 Bf8 70. f4 exf4 71. Kxf4 b5 72. axb5 cxb5
73. Ke4 b4 1/2-1/2

[Event "34. Open Internacional de Andorra 2016"]
[Site "Andorra AND"]
[Date "2016.08.05"]
[Round "3.11"]
[White "Barbot, Pierre"]
[Black "Archangelsky, Mikhail"]
[Result "1-0"]
[WhiteElo "2444"]
[BlackElo "2055"]
[PlyCount "71"]
[EventDate "2016.08.03"]
[EventType "swiss"]
[EventRounds "9"]
[EventCountry "AND"]
[SourceTitle "Ajedrez en Madrid"]
[Source "lmi"]
[SourceDate "2016.08.03"]
[SourceVersion "1"]
[SourceVersionDate "2018.03.01"]
[SourceQuality "1"]

1. d4 Nf6 2. c4 c5 3. d5 e5 4. Nc3 d6 5. e4 Be7 6. g3 Nbd7 7. Bg2 a6 8. Nge2
Rb8 9. a4 b6 10. f4 O-O 11. O-O Ne8 12. Be3 Nc7 13. Qd3 Bf6 14. Rab1 Re8 15.
Kh1 Rb7 16. Ng1 Qe7 17. Nh3 Nf8 18. Nf2 Bd7 19. b4 Reb8 20. a5 cxb4 21. Rxb4
bxa5 22. Rxb7 Rxb7 23. c5 Bb5 24. Nxb5 axb5 25. c6 Rb8 26. Ng4 Ng6 27. Nxf6+
gxf6 28. f5 b4 29. fxg6 fxg6 30. Qb3 Kg7 31. Ra1 Rb5 32. Bf1 f5 33. Bxb5 Nxb5
34. Rxa5 f4 35. Rxb5 fxe3 36. Qxe3 1-0

[Event "34. Open Internacional de Andorra 2016"]
[Site "Andorra AND"]
[Date "2016.08.05"]
[Round "3.12"]
[White "Malassagne, Raphael"]
[Black "Prohaszka, Peter"]
[Result "0-1"]
[WhiteElo "2129"]
[BlackElo "2604"]
[PlyCount "58"]
[EventDate "2016.08.03"]
[EventType "swiss"]
[EventRounds "9"]
[EventCountry "AND"]
[SourceTitle "Ajedrez en Madrid"]
[Source "lmi"]
[SourceDate "2016.08.03"]
[SourceVersion "1"]
[SourceVersionDate "2018.03.01"]
[SourceQuality "1"]

1. d4 Nf6 2. Bf4 d5 3. e3 c5 4. c3 Nc6 5. Nd2 Bf5 6. Qb3 Qd7 7. dxc5 e5 8. Bg3
Bxc5 9. Ngf3 Qe7 10. Bb5 Bd6 11. Bh4 a6 12. Be2 e4 13. Nd4 Nxd4 14. cxd4 Be6
15. Rc1 O-O 16. O-O h6 17. a3 Rac8 18. Qb6 Bc7 19. Qb4 Bd6 20. Qb6 Rc7 21. Bg3
Bxg3 22. hxg3 Rfc8 23. Nb3 Rc2 24. Rxc2 Rxc2 25. Nc1 Bg4 26. Re1 Qd7 27. Qb3
Qc7 28. Bxg4 Nxg4 29. Ne2 Rxe2 0-1

[Event "34. Open Internacional de Andorra 2016"]
[Site "Andorra AND"]
[Date "2016.08.05"]
[Round "3.13"]
[White "Kogan, Arthur"]
[Black "Veganzones Rojo, David"]
[Result "1-0"]
[WhiteElo "2530"]
[BlackElo "2120"]
[PlyCount "57"]
[EventDate "2016.08.03"]
[EventType "swiss"]
[EventRounds "9"]
[EventCountry "AND"]
[SourceTitle "Ajedrez en Madrid"]
[Source "lmi"]
[SourceDate "2016.08.03"]
[SourceVersion "1"]
[SourceVersionDate "2018.03.01"]
[SourceQuality "1"]

1. Nf3 d5 2. c4 c6 3. Qc2 Nf6 4. e3 g6 5. d4 Bg7 6. Bd3 O-O 7. O-O dxc4 8. Qxc4
Nbd7 9. Rd1 Nb6 10. Qc2 Bg4 11. Nbd2 Nfd5 12. a3 e5 13. dxe5 Nd7 14. h3 Bxf3
15. Nxf3 Qe7 16. e4 N5b6 17. Bg5 Qe6 18. Be2 Nxe5 19. Nd4 Qe8 20. f4 Ned7 21.
Bf3 a5 22. e5 a4 23. b4 h6 24. Bh4 g5 25. Qf5 Qe7 26. Be4 Rfe8 27. Qh7+ Kf8 28.
Nf5 f6 29. e6 1-0

[Event "34. Open Internacional de Andorra 2016"]
[Site "Andorra AND"]
[Date "2016.08.05"]
[Round "3.14"]
[White "Llaneza Vega, Patricia"]
[Black "Trepat Herranz, Joan"]
[Result "1/2-1/2"]
[WhiteElo "2158"]
[BlackElo "2360"]
[PlyCount "54"]
[EventDate "2016.08.03"]
[EventType "swiss"]
[EventRounds "9"]
[EventCountry "AND"]
[SourceTitle "Ajedrez en Madrid"]
[Source "lmi"]
[SourceDate "2016.08.03"]
[SourceVersion "1"]
[SourceVersionDate "2018.03.01"]
[SourceQuality "1"]

1. e4 e5 2. Nf3 Nc6 3. Nc3 Nf6 4. d4 exd4 5. Nxd4 Bb4 6. Nxc6 bxc6 7. Bd3 O-O
8. O-O d5 9. exd5 cxd5 10. h3 c6 11. Qf3 Re8 12. Bf4 Qe7 13. Rad1 Bd6 14. Bxd6
Qxd6 15. Ne2 Rb8 16. b3 c5 17. Qf4 Qxf4 18. Nxf4 a5 19. Rfe1 Bd7 20. Rxe8+ Rxe8
21. Ba6 Bc6 22. a4 g5 23. Nd3 c4 24. bxc4 dxc4 25. Bxc4 Bxa4 26. Ra1 Bxc2 27.
Rxa5 Bxd3 1/2-1/2